[Event "Online Olym Top DivD 2021"]
[Site "chess.com INT"]
[Date "2021.09.08"]
[Round "2.3"]
[Board "6"]
[White "Sliwicka, Alicja"]
[Black "Van Foreest, Machteld"]
[Result "1/2-1/2"]
[WhiteTitle "WIM"]
[WhiteElo "2304"]
[BlackElo "2132"]
[WhiteTeam "Poland"]
[BlackTeam "Netherlands"]
[WhiteFideId "1150677"]
[BlackFideId "1051563"]
[EventDate "2021.09.08"]
[EventType "team"]

1. e4 e5 2. Nf3 Nc6 3. Bc4 Bc5 4. c3 Nf6 5. d3 O-O 6. Nbd2 h6 7. h3 a6 8. Bb3
Ba7 9. Nf1 d5 10. Qe2 Be6 11. Bc2 dxe4 12. dxe4 b5 13. Ne3 Qe7 14. O-O Rfd8 15.
Nh2 Na5 16. Nf5 Bxf5 17. exf5 Rd7 18. a4 Nc4 19. b3 Nd6 20. Ng4 Nxg4 21. hxg4
Rdd8 22. Be3 Bxe3 23. Qxe3 Qf6 24. f3 Re8 25. axb5 axb5 26. Qc5 Rac8 27. Rfe1
Re7 28. Bd3 Rce8 29. Qc6 e4 30. fxe4 Nxe4 31. Qxf6 Nxf6 32. Rxe7 Rxe7 33. Bxb5
Nxg4 34. c4 Re3 35. Rb1 Rc3 36. Bd7 Rc2 37. Re1 h5 38. Bc6 Rb2 39. Ba4 c5 40.
Kf1 Rf2+ 41. Kg1 Rb2 42. Kf1 Kh7 43. Re8 Rf2+ 44. Ke1 Rxg2 45. Rc8 h4 46. Rxc5
h3 47. Bc6 Rg1+ 48. Ke2 h2 49. b4 h1=Q 50. Bxh1 Rxh1 51. b5 Rb1 52. Kf3 Nf6 53.
Rc6 Kh6 54. Kf4 Kh5 55. b6 Nd7 56. c5 Rb5 57. Rc7 Nxc5 58. Rxf7 Kh6 59. Rc7 Rb4+
60. Ke3 Na6 61. Rc6+ Kh5 62. b7 Nb8 63. Rc7 Kh6 64. Kd3 Rb6 65. Kd4 Rb1 66. Ke5
Rb5+ 67. Ke4 Rb6 68. Kd5 Rb5+ 69. Ke6 Na6 70. Kd6 Rxf5 71. Re7 Rb5 72. Kc6 Rb2
73. Re6+ Kh5 74. Re5+ g5 75. Ra5 Nb4+ 76. Kc7 Rc2+ 77. Kb6 Nc6 78. Rb5 Kh4 79.
Rd5 g4 80. Rd6 Nb8 81. Ka7 Rb2 82. Kxb8 g3 83. Rh6+ Kg4 84. Kc8 Kf3 85. Rf6+ Kg2
86. Kc7 Rxb7+ 87. Kxb7 Kh2 88. Rh6+ Kg1 89. Kc6 g2 90. Rg6 Kf2 91. Rf6+ Ke2 92.
Rg6 Kf2 93. Rxg2+ Kxg2 1/2-1/2

[Event "Online Olym Top DivD 2021"]
[Site "chess.com INT"]
[Date "2021.09.08"]
[Round "2.4"]
[Board "1"]
[White "Howell, David W L"]
[Black "Albornoz Cabrera, Carlos Daniel"]
[Result "1/2-1/2"]
[WhiteTitle "GM"]
[BlackTitle "GM"]
[WhiteElo "2658"]
[BlackElo "2567"]
[WhiteTeam "England"]
[BlackTeam "Cuba"]
[WhiteFideId "410608"]
[BlackFideId "3518736"]
[EventDate "2021.09.08"]
[EventType "team"]

1. d4 Nf6 2. c4 e6 3. g3 d5 4. Bg2 Be7 5. Nf3 O-O 6. O-O dxc4 7. Qc2 b5 8. a4 b4
9. Nfd2 Nd5 10. Nxc4 c5 11. dxc5 Ba6 12. Rd1 Nd7 13. Bxd5 exd5 14. Ne3 Bxc5 15.
Rxd5 Bb7 16. Rd1 Qe7 17. Nd5 Bxd5 18. Rxd5 Rac8 19. Qd1 Nf6 20. Bg5 Bxf2+ 21.
Kxf2 Ne4+ 22. Kg2 Nxg5 23. Nd2 Rfd8 24. Rxd8+ Rxd8 25. Qe1 Re8 26. Qf2 Qxe2 27.
h4 Qd3 28. Re1 Qd5+ 29. Kg1 Rxe1+ 30. Qxe1 Qd4+ 31. Kg2 Ne6 32. b3 h6 33. Qe2
Qb2 34. Qd3 g6 35. Kh3 Qc3 36. Qd6 Nc5 37. Qd5 Nd3 38. Nf3 Nf2+ 39. Kg2 Ng4 40.
Qd4 Qc2+ 41. Kh3 h5 42. Qd8+ Kg7 43. Qd4+ Nf6 44. Qxb4 Qd1 45. Qc3 Qf1+ 46. Kh2
Qf2+ 47. Kh3 Qf1+ 48. Kh2 Qf2+ 49. Kh3 Qf1+ 1/2-1/2

[Event "Online Olym Top DivD 2021"]
[Site "chess.com INT"]
[Date "2021.09.08"]
[Round "2.4"]
[Board "2"]
[White "Quesada Perez, Yasser"]
[Black "Jones, Gawain C B"]
[Result "0-1"]
[WhiteTitle "GM"]
[BlackTitle "GM"]
[WhiteElo "2568"]
[BlackElo "2684"]
[WhiteTeam "Cuba"]
[BlackTeam "England"]
[WhiteFideId "3509362"]
[BlackFideId "409561"]
[EventDate "2021.09.08"]
[EventType "team"]

1. e4 c5 2. c3 d5 3. exd5 Qxd5 4. d4 Nc6 5. Nf3 Bf5 6. Be2 cxd4 7. cxd4 Bxb1 8.
Rxb1 e6 9. O-O Bd6 10. Be3 Nge7 11. b4 Nf5 12. b5 Nce7 13. Bd3 h6 14. Qe2 Rc8
15. Rfc1 Nxe3 16. fxe3 Qh5 17. Rxc8+ Nxc8 18. e4 e5 19. Rc1 O-O 20. dxe5 Bxe5
21. h3 Nb6 22. Bc2 Bf4 23. Rf1 Qc5+ 24. Kh1 Nc4 25. Bb3 Ne3 26. Re1 Rc8 27. g3
Bxg3 28. Qxe3 Bxe1 29. Qxe1 Qxb5 30. Kg2 a5 31. Qf2 Qc5 32. Nd4 Qg5+ 33. Qg3
Qxg3+ 34. Kxg3 Rc3+ 35. Kg4 g6 36. h4 Kg7 37. Bd5 Rd3 38. Nf3 b5 39. Ne5 f5+ 40.
Kf4 Rh3 41. Nf3 fxe4 42. Bxe4 Kf6 43. Ke3 g5 44. Kf2 g4 45. Kg2 Rxf3 0-1

[Event "Online Olym Top DivD 2021"]
[Site "chess.com INT"]
[Date "2021.09.08"]
[Round "2.4"]
[Board "3"]
[White "Head, Louise"]
[Black "Forgas Moreno, Yaniela"]
[Result "0-1"]
[WhiteTitle "WFM"]
[BlackTitle "WIM"]
[WhiteElo "2090"]
[BlackElo "2310"]
[WhiteTeam "England"]
[BlackTeam "Cuba"]
[WhiteFideId "424773"]
[BlackFideId "3508072"]
[EventDate "2021.09.08"]
[EventType "team"]

1. d4 f5 2. g3 Nf6 3. Bg2 g6 4. Nh3 d6 5. Nf4 c6 6. c4 e5 7. dxe5 dxe5 8. Qxd8+
Kxd8 9. Nd3 e4 10. Bg5 Bg7 11. Nc5 b6 12. Nb3 Be6 13. Na3 h6 14. O-O-O+ Ke7 15.
Bf4 Ng4 16. Rdf1 Nd7 17. f3 exf3 18. Bxf3 Nge5 19. Kb1 Rac8 20. Rc1 a5 21. Rhd1
g5 22. Be3 Rhf8 23. Nd4 Bg8 24. Bg2 Nc5 25. Nf3 Ng4 26. Bg1 Na4 27. h3 Bxb2 28.
hxg4 Bxa3 29. Rc2 fxg4 30. Nd4 Bh7 31. e4 Rfd8 32. Rd3 Bc5 33. Rcd2 Ke8 34. Kc2
Bxd4 35. Bxd4 Rd7 36. Bf6 Rxd3 37. Rxd3 Nc5 38. Re3 Kf7 39. Bd4 Re8 40. Bxc5
bxc5 41. Kc3 Ke6 42. e5 Rc8 43. Re1 Bf5 44. Re2 h5 45. Re3 h4 46. Bf1 h3 47. Re2
Rd8 48. Rd2 Rxd2 49. Kxd2 Kxe5 50. Ke3 Be4 51. Kf2 h2 52. Bg2 h1=Q 0-1

[Event "Online Olym Top DivD 2021"]
[Site "chess.com INT"]
[Date "2021.09.08"]
[Round "2.4"]
[Board "5"]
[White "Derakhshani, Borna"]
[Black "Alvarez Calzadilla, Jose Avelino"]
[Result "1/2-1/2"]
[WhiteTitle "FM"]
[BlackTitle "FM"]
[WhiteElo "2353"]
[BlackElo "2287"]
[WhiteTeam "England"]
[BlackTeam "Cuba"]
[WhiteFideId "12518450"]
[BlackFideId "3526151"]
[EventDate "2021.09.08"]
[EventType "team"]

1. d4 Nf6 2. Bf4 g6 3. e3 Bg7 4. h3 O-O 5. Nf3 d5 6. Nbd2 c5 7. c3 Nc6 8. Be2 b6
9. O-O Bb7 10. a4 Nd7 11. Qb1 e5 12. dxe5 Ndxe5 13. Nxe5 Nxe5 14. Nf3 Qe7 15.
Rd1 Rfd8 16. Nxe5 Bxe5 17. Bxe5 Qxe5 18. Bf3 Rab8 19. Qd3 Qf6 20. a5 d4 21. exd4
Bxf3 22. Qxf3 Qxf3 23. gxf3 cxd4 24. axb6 Rxb6 25. Rxd4 Rxd4 26. cxd4 Rxb2 27.
Rxa7 Rd2 28. Ra4 Rd3 29. Kg2 Kg7 30. Kg3 g5 31. Rb4 Kg6 32. Rb6+ f6 33. Rd6 h5
34. Rd8 Kf5 35. d5 g4 36. hxg4+ hxg4 37. d6 Rxf3+ 38. Kg2 Rd3 39. d7 1/2-1/2

[Event "Online Olym Top DivD 2021"]
[Site "chess.com INT"]
[Date "2021.09.08"]
[Round "2.4"]
[Board "6"]
[White "Hernandez Gil, Ineymig"]
[Black "Kalaiyalahan, Akshaya"]
[Result "0-1"]
[WhiteTitle "WFM"]
[BlackTitle "FM"]
[WhiteElo "2348"]
[BlackElo "2149"]
[WhiteTeam "Cuba"]
[BlackTeam "England"]
[WhiteFideId "3526216"]
[BlackFideId "422894"]
[EventDate "2021.09.08"]
[EventType "team"]

1. e4 c5 2. Nf3 Nc6 3. d4 cxd4 4. Nxd4 Qb6 5. Nb3 Nf6 6. Nc3 e6 7. Bd3 Be7 8.
O-O a6 9. Be3 Qc7 10. f4 d6 11. a4 b6 12. Kh1 Bb7 13. Qe2 O-O 14. Rad1 Nd7 15.
Qh5 Nf6 16. Qh3 e5 17. Nd5 Qc8 18. Qxc8 Raxc8 19. Nxb6 Rb8 20. a5 exf4 21. Bxf4
Ne5 22. Rde1 Rfe8 23. Nd4 Rbd8 24. Nf5 Bf8 25. Bg5 Nxd3 26. cxd3 Re6 27. Nd4 Re5
28. Bxf6 gxf6 29. Nc4 Rg5 30. Nf3 Rh5 31. g4 Rb5 32. Nd4 Rg5 33. h3 d5 34. Nd2
dxe4 35. Nf5 Rxd3 36. Nxe4 Rxh3+ 37. Kg2 Rb3 38. Kf2 Rxb2+ 39. Kg3 Rg6 40. Rf3
h5 41. Rf4 hxg4 42. Rxg4 Rxg4+ 43. Kxg4 Rb4 44. Kf4 Rxe4+ 45. Rxe4 Bxe4 46. Kxe4
Bb4 47. Ne3 Bxa5 48. Nd5 Kg7 49. Kf5 Bd2 50. Nxf6 a5 51. Ne4 Bb4 52. Nf2 a4 53.
Nd3 Bc3 54. Nc1 a3 55. Na2 Bb2 56. Nb4 f6 57. Na2 Kf7 58. Nb4 Ke7 59. Na2 Kd6
60. Ke4 Kc5 61. Kd3 f5 62. Ke3 Kc4 63. Kf4 Kb3 0-1

[Event "Online Olym Top DivD 2021"]
[Site "chess.com INT"]
[Date "2021.09.08"]
[Round "2.5"]
[Board "1"]
[White "Yurtseven, Melih"]
[Black "Cordova, Emilio"]
[Result "0-1"]
[WhiteTitle "IM"]
[BlackTitle "GM"]
[WhiteElo "2414"]
[BlackElo "2556"]
[WhiteTeam "Turkey"]
[BlackTeam "Peru"]
[WhiteFideId "6312160"]
[BlackFideId "3801497"]
[EventDate "2021.09.08"]
[EventType "team"]

1. d4 Nf6 2. c4 e6 3. Nc3 Bb4 4. Qc2 d5 5. cxd5 exd5 6. Bg5 h6 7. Bh4 g5 8. Bg3
Nc6 9. e3 Ne4 10. Bd3 O-O 11. Ne2 f5 12. O-O Be6 13. Rad1 Qe7 14. a3 Bxc3 15.
bxc3 Qxa3 16. Bxc7 Rac8 17. Bg3 Nb4 18. Qb1 Nxc3 19. Nxc3 Rxc3 20. Be2 Rfc8 21.
Bd6 a5 22. h4 Rb3 23. Qa1 Qxa1 24. Rxa1 b6 25. Rfc1 Rb2 26. Rxc8+ Bxc8 27. Bf1
Bd7 28. Rc1 Kf7 29. Rc7 Ke6 30. Bf8 Rb1 31. Rb7 Nc2 32. Bc5 a4 33. Rxb6+ Rxb6
34. Bxb6 a3 35. Ba5 a2 36. Bc3 a1=Q 37. Bxa1 Nxa1 38. hxg5 hxg5 39. f4 g4 40.
Be2 Nc2 41. Kf2 Nb4 42. Kg3 Ba4 43. Kf2 Bc2 44. Bb5 Be4 45. Kg3 Nc2 46. Kf2 Kd6
47. Ba6 Kc6 48. g3 Kb6 49. Bc8 Kb5 50. Ke2 Kb4 51. Kd2 Na3 52. Bd7 Nc4+ 53. Ke2
Kc3 54. Bc8 Bd3+ 55. Kf2 Kd2 56. e4 Bxe4 0-1

[Event "Online Olym Top DivD 2021"]
[Site "chess.com INT"]
[Date "2021.09.08"]
[Round "2.5"]
[Board "2"]
[White "Cruz, Cristhian"]
[Black "Ozen, Deniz"]
[Result "1/2-1/2"]
[WhiteTitle "GM"]
[BlackTitle "IM"]
[WhiteElo "2581"]
[BlackElo "2397"]
[WhiteTeam "Peru"]
[BlackTeam "Turkey"]
[WhiteFideId "3801969"]
[BlackFideId "6349196"]
[EventDate "2021.09.08"]
[EventType "team"]

1. d4 Nf6 2. c4 c6 3. Nf3 d5 4. e3 Bf5 5. Nc3 e6 6. Nh4 Be4 7. f3 Bg6 8. g3 Nbd7
9. Be2 dxc4 10. Bxc4 Be7 11. O-O O-O 12. e4 c5 13. Nxg6 hxg6 14. dxc5 Bxc5+ 15.
Kg2 Ne5 16. Be2 Nc6 17. Bg5 Qa5 18. Qa4 Qxa4 19. Nxa4 Bd4 20. Rfd1 e5 21. Rac1
Rac8 22. a3 Rfd8 23. b4 a6 24. Kf1 b5 25. Nc5 Bb2 26. Rxd8+ Rxd8 27. Rb1 Bxa3
28. Nxa6 Nd4 29. Nc7 Rc8 30. Nxb5 Nxb5 31. Bxb5 Rb8 32. Bc6 Bxb4 33. Bxf6 gxf6
34. Bd5 1/2-1/2

[Event "Online Olym Top DivD 2021"]
[Site "chess.com INT"]
[Date "2021.09.08"]
[Round "2.5"]
[Board "3"]
[White "Caglar, Sila"]
[Black "Cori T., Deysi"]
[Result "0-1"]
[WhiteTitle "WIM"]
[BlackTitle "WGM"]
[WhiteElo "2250"]
[BlackElo "2382"]
[WhiteTeam "Turkey"]
[BlackTeam "Peru"]
[WhiteFideId "6364063"]
[BlackFideId "3801934"]
[EventDate "2021.09.08"]
[EventType "team"]

1. e4 g6 2. d4 Bg7 3. Nc3 d6 4. Be3 Nd7 5. Nf3 e5 6. Bc4 Nb6 7. Be2 exd4 8. Bxd4
Nf6 9. e5 dxe5 10. Bxe5 O-O 11. Qxd8 Rxd8 12. Bxc7 Re8 13. O-O-O Be6 14. Bb5
Rec8 15. Be5 a6 16. Be2 Nbd7 17. Bd4 b5 18. Kb1 Nc5 19. a3 Rab8 20. Ng5 Bf5 21.
Rhg1 h6 22. Nf3 b4 23. axb4 Rxb4 24. Rd2 Nb3 25. Rdd1 Nxd4 26. Rxd4 Rb6 27. Bd3
Rxc3 28. Bxf5 gxf5 29. Rd8+ Kh7 30. Kc1 Rc7 31. Nd4 Ng4 32. Nxf5 Bxb2+ 33. Kd2
Nxf2 34. Rf1 Ne4+ 35. Ke3 Ng5 36. h4 Ne6 37. Re8 Ba3 38. Ng3 Rc3+ 39. Ke2 Rxg3
40. Rxf7+ Ng7 41. Rc7 Rxg2+ 42. Kf3 Rbg6 43. h5 R6g3+ 44. Ke4 Re2+ 45. Kf4 Bd6+ 0-1

[Event "Online Olym Top DivD 2021"]
[Site "chess.com INT"]
[Date "2021.09.08"]
[Round "2.5"]
[Board "4"]
[White "Chumpitaz, Ann"]
[Black "Kocyigit, Buse Naz"]
[Result "1-0"]
[WhiteTitle "WIM"]
[BlackTitle "WFM"]
[WhiteElo "2244"]
[BlackElo "2034"]
[WhiteTeam "Peru"]
[BlackTeam "Turkey"]
[WhiteFideId "3804178"]
[BlackFideId "6380840"]
[EventDate "2021.09.08"]
[EventType "team"]

1. e4 c5 2. Nf3 g6 3. d4 cxd4 4. Nxd4 Bg7 5. c4 Nc6 6. Be3 d6 7. Nc3 Nf6 8. Be2
O-O 9. O-O Bd7 10. Qd2 Ng4 11. Bxg4 Bxg4 12. Nd5 Be6 13. b3 Bxd5 14. exd5 Ne5
15. h3 a5 16. a4 Nd7 17. Rab1 Nc5 18. Nb5 Rc8 19. Qc2 Qd7 20. Bd2 Ra8 21. Be3
Rac8 22. Rbe1 f5 23. Bxc5 dxc5 24. Re6 Rf6 25. Rfe1 Rxe6 26. Rxe6 Bf6 27. Qe2
Rf8 28. Qe3 Qc8 29. Qe1 Qd8 30. Qe3 Qc8 31. g3 f4 32. gxf4 Bh4 33. Qe4 Qb8 34.
d6 exd6 35. Nxd6 Qc7 36. f5 g5 37. Qd5 Kh8 38. Qe5+ Qg7 39. f6 Qg6 40. f7+ Qg7
41. Re8 Qxe5 42. Rxf8+ Kg7 43. Rg8+ 1-0

[Event "Online Olym Top DivD 2021"]
[Site "chess.com INT"]
[Date "2021.09.08"]
[Round "2.5"]
[Board "5"]
[White "Celik, Hasan Huseyin"]
[Black "Quirhuayo Chumbe, German Gonzalo"]
[Result "1-0"]
[WhiteTitle "FM"]
[BlackTitle "IM"]
[WhiteElo "2370"]
[BlackElo "2296"]
[WhiteTeam "Turkey"]
[BlackTeam "Peru"]
[WhiteFideId "44506759"]
[BlackFideId "3813509"]
[EventDate "2021.09.08"]
[EventType "team"]

1. d4 Nf6 2. Bg5 c5 3. Nc3 cxd4 4. Qxd4 Nc6 5. Qh4 d6 6. O-O-O Be6 7. Nf3 Rc8 8.
e4 Qa5 9. a3 h6 10. Bd2 Qh5 11. Qxh5 Nxh5 12. Bb5 a6 13. Bxc6+ bxc6 14. e5 d5
15. Nd4 g6 16. Nxe6 fxe6 17. Ne2 Ng7 18. g4 Kf7 19. f4 Ne8 20. Be3 c5 21. h4 Bg7
22. g5 d4 23. Bf2 Nc7 24. c3 Nd5 25. cxd4 cxd4+ 26. Kb1 hxg5 27. fxg5 Bxe5 28.
Bxd4 Bxd4 29. Nxd4 Ne3 30. Rde1 Nf5 31. Nf3 Rc5 32. Rh2 Rd5 33. Rhe2 Rd6 34. Re4
Rc8 35. Ra4 Rc5 36. Rb4 a5 37. Rbe4 Rcd5 38. Ka2 Rc5 39. a4 Rcd5 40. Ne5+ Kg7
41. Nc4 Rc6 42. b3 Nd4 43. Rf4 Nf5 44. Rfe4 Nd4 45. Kb2 Rcc5 46. Kc3 Nf5 47.
Rxe6 Rc8 48. R1e4 Rcd8 49. Kb2 Rb8 50. R6e5 Rd3 51. Rb5 Rc8 52. h5 Rc7 53. hxg6
Nd4 54. Rb8 Nf5 55. Re5 Kxg6 56. Rxa5 Rh3 57. Ne5+ Kxg5 58. Rg8+ Kf4 59. Rg4+
Ke3 60. Nc4+ Kf3 61. Rg8 Nd4 62. Re5 Rh2+ 63. Kc3 Ne2+ 64. Kb4 Nf4 65. Rf8 Rh4
66. a5 Kg3 67. Rg5+ Kh3 68. a6 e5 69. Ka5 e4 70. Kb6 Ne6 71. Rf6 Rxc4 72. Rxe6
Rb4+ 73. Rb5 Rxb5+ 74. Kxb5 Kg3 75. a7 Rh5+ 76. Ka6 1-0

[Event "Online Olym Top DivD 2021"]
[Site "chess.com INT"]
[Date "2021.09.08"]
[Round "2.5"]
[Board "6"]
[White "Caballero Quijano, Mitzy Mishell"]
[Black "Can, Isil"]
[Result "1-0"]
[WhiteTitle "WIM"]
[BlackTitle "WCM"]
[WhiteElo "1996"]
[BlackElo "1945"]
[WhiteTeam "Peru"]
[BlackTeam "Turkey"]
[WhiteFideId "3807223"]
[BlackFideId "34505733"]
[EventDate "2021.09.08"]
[EventType "team"]

1. d4 d5 2. Nf3 Nf6 3. c4 c6 4. e3 e6 5. Bd3 Bd6 6. b3 Nbd7 7. Bb2 b6 8. O-O O-O
9. Qc2 Bb7 10. Nc3 h6 11. Rfd1 Qe7 12. e4 dxe4 13. Nxe4 Nxe4 14. Bxe4 Nf6 15.
Ne5 Bxe5 16. dxe5 Nxe4 17. Qxe4 c5 18. Qg4 Rad8 19. Rd6 Rd7 20. Rad1 Rfd8 21. h4
h5 22. Qg3 g6 23. Bc1 Rxd6 24. exd6 Qe8 25. Bg5 Rd7 26. Bf6 Qf8 27. Qf4 Kh7 28.
f3 Qh6 29. Qe5 Bc6 30. Kf2 Bb7 31. a3 Bc6 32. g3 a5 33. Bg5 Qg7 34. Qf6 Kg8 35.
Ke3 Qxf6 36. Bxf6 Kf8 37. Kf4 Kg8 38. Be5 Kh7 39. Bf6 Kg8 40. Rd3 Kh7 41. Be7
Kg7 42. Ke5 Bb7 43. g4 Bc6 44. gxh5 gxh5 45. f4 Kh7 46. Rg3 Bb7 47. Kf6 1-0

[Event "Online Olym Top DivD 2021"]
[Site "chess.com INT"]
[Date "2021.09.08"]
[Round "3.1"]
[Board "1"]
[White "Cordova, Emilio"]
[Black "Arenas, David"]
[Result "1-0"]
[WhiteTitle "GM"]
[BlackTitle "GM"]
[WhiteElo "2556"]
[BlackElo "2455"]
[WhiteTeam "Peru"]
[BlackTeam "Colombia"]
[WhiteFideId "3801497"]
[BlackFideId "4403177"]
[EventDate "2021.09.08"]
[EventType "team"]

1. d4 Nf6 2. Bg5 e6 3. Nd2 h6 4. Bh4 c5 5. e4 cxd4 6. e5 g5 7. Bg3 Nd5 8. h4 Nc6
9. hxg5 Qxg5 10. Ngf3 Qg7 11. Rh3 f5 12. exf6 Nxf6 13. Bb5 a6 14. Bxc6 bxc6 15.
Nxd4 c5 16. Qf3 Nd5 17. Nf5 Qxb2 18. Rb1 Qxc2 19. Qh5+ Kd8 20. Qh4+ Ke8 21. Nd6+
Bxd6 22. Bxd6 Rg8 23. Qxh6 a5 24. Rf3 Ne7 25. Qh4 Nd5 26. Qh5+ Kd8 27. Qg5+ 1-0

[Event "Online Olym Top DivD 2021"]
[Site "chess.com INT"]
[Date "2021.09.08"]
[Round "3.1"]
[Board "2"]
[White "Barrientos, Sergio E"]
[Black "Cruz, Cristhian"]
[Result "1-0"]
[WhiteTitle "GM"]
[BlackTitle "GM"]
[WhiteElo "2475"]
[BlackElo "2581"]
[WhiteTeam "Colombia"]
[BlackTeam "Peru"]
[WhiteFideId "4401824"]
[BlackFideId "3801969"]
[EventDate "2021.09.08"]
[EventType "team"]

1. d4 Nf6 2. c4 e6 3. Nf3 Bb4+ 4. Nbd2 b6 5. a3 Bxd2+ 6. Qxd2 Bb7 7. e3 d6 8.
Be2 Ne4 9. Qc2 Ng5 10. Bd2 Nd7 11. h4 Nxf3+ 12. gxf3 e5 13. O-O-O Qf6 14. d5 a5
15. Bc3 Qe7 16. f4 O-O-O 17. fxe5 Nxe5 18. h5 Kb8 19. Rhg1 f5 20. h6 gxh6 21. f4
Ng4 22. Bxg4 fxg4 23. Bxh8 Rxh8 24. Rxg4 Qxe3+ 25. Qd2 Qf3 26. Rdg1 Bc8 27. f5
Qxf5 28. Rf4 Qe5 29. Qd4 Qe7 30. Re4 Qf8 31. Rf4 Qe7 32. Kb1 Rf8 33. Rxf8 Qxf8
34. Ka2 Bf5 35. Rf1 Qc8 36. Qf4 Bg6 37. Qh4 1-0

[Event "Online Olym Top DivD 2021"]
[Site "chess.com INT"]
[Date "2021.09.08"]
[Round "3.1"]
[Board "3"]
[White "Cori T., Deysi"]
[Black "Rivera, Ingris"]
[Result "0-1"]
[WhiteTitle "WGM"]
[BlackTitle "WIM"]
[WhiteElo "2382"]
[BlackElo "2249"]
[WhiteTeam "Peru"]
[BlackTeam "Colombia"]
[WhiteFideId "3801934"]
[BlackFideId "4402472"]
[EventDate "2021.09.08"]
[EventType "team"]

1. d4 Nf6 2. Nf3 g6 3. g3 Bg7 4. Bg2 O-O 5. O-O d6 6. b3 c5 7. Bb2 Nc6 8. Nbd2
Bf5 9. Nc4 Rc8 10. a3 b5 11. Ne3 Be4 12. dxc5 dxc5 13. Ne5 Bxg2 14. Kxg2 Qc7 15.
Nd3 Rfd8 16. c4 Nd4 17. Kg1 e5 18. f3 Bh6 19. Bc1 e4 20. fxe4 Nxe4 21. Nd5 Rxd5
22. cxd5 Nc3 23. Qe1 Ncxe2+ 24. Kg2 Nxc1 25. Rxc1 Bxc1 26. Qxc1 Nxb3 27. Qg5 Re8
28. Nf4 Qe5 29. Qg4 c4 30. Rf2 Nc5 31. Re2 Qb8 32. Rxe8+ Qxe8 33. d6 Qc6+ 34.
Qf3 Qxd6 35. Nd5 Kg7 36. Qc3+ f6 37. Qd4 Nd7 38. g4 Nb6 39. g5 Qxd5+ 40. Qxd5
Nxd5 41. gxf6+ Kxf6 42. Kf3 Ke5 0-1

[Event "Online Olym Top DivD 2021"]
[Site "chess.com INT"]
[Date "2021.09.08"]
[Round "3.1"]
[Board "4"]
[White "Castrillon Gomez, Melissa"]
[Black "Chumpitaz, Ann"]
[Result "1/2-1/2"]
[WhiteTitle "WIM"]
[BlackTitle "WIM"]
[WhiteElo "2212"]
[BlackElo "2244"]
[WhiteTeam "Colombia"]
[BlackTeam "Peru"]
[WhiteFideId "4402413"]
[BlackFideId "3804178"]
[EventDate "2021.09.08"]
[EventType "team"]

1. d4 d5 2. c4 e6 3. Nf3 Nf6 4. g3 c6 5. Bg2 Be7 6. O-O O-O 7. Nbd2 Nbd7 8. Qc2
dxc4 9. Nxc4 Nb6 10. Nce5 Nfd5 11. a3 Nd7 12. e4 Nxe5 13. Nxe5 Nb6 14. Rd1 Nd7
15. Nxd7 Bxd7 16. Be3 Bf6 17. e5 Be7 18. Be4 g6 19. h4 Kh8 20. h5 Be8 21. Kg2
Rc8 22. Rh1 g5 23. Bxh7 c5 24. dxc5 Bxc5 25. Bxc5 Qd5+ 26. Be4 Rxc5 27. Bxd5
Rxc2 28. Bxb7 Rxb2 29. Bf3 Bb5 30. Rhb1 Rxb1 31. Rxb1 a6 32. Rc1 Kg7 33. Rc7 Rd8
34. Bc6 Rd3 35. a4 Bxc6+ 36. Rxc6 Rd5 37. Rxa6 g4 38. Rb6 Rxe5 39. Rb5 Re4 40.
a5 Ra4 41. Kf1 Ra2 42. Ke1 Kh6 43. Re5 Kg7 44. Kf1 Kh6 45. Kg2 Ra4 46. Kf1 Ra2
47. Ke1 Kg7 48. Rg5+ Kh6 49. Rxg4 Rxa5 50. Rf4 f5 51. Rh4 Ra8 52. Ke2 e5 53. Rh1
Ra2+ 54. Kf3 Ra3+ 55. Kg2 Ra6 56. Re1 e4 57. Rh1 Kg5 58. Rh4 Rh6 59. f4+ exf3+
60. Kxf3 Rxh5 61. Rxh5+ Kxh5 62. Kf4 Kg6 63. g4 fxg4 64. Kxg4 1/2-1/2

[Event "Online Olym Top DivD 2021"]
[Site "chess.com INT"]
[Date "2021.09.08"]
[Round "3.1"]
[Board "5"]
[White "Quirhuayo Chumbe, German Gonzalo"]
[Black "Avila Pavas, Santiago"]
[Result "1-0"]
[WhiteTitle "IM"]
[BlackTitle "IM"]
[WhiteElo "2296"]
[BlackElo "2395"]
[WhiteTeam "Peru"]
[BlackTeam "Colombia"]
[WhiteFideId "3813509"]
[BlackFideId "4437128"]
[EventDate "2021.09.08"]
[EventType "team"]

1. e4 g6 2. d4 Bg7 3. Be3 d6 4. Nc3 a6 5. h4 h6 6. Qd2 Nf6 7. f3 b5 8. g4 Bb7 9.
O-O-O Nbd7 10. Nh3 Nb6 11. Bd3 e6 12. g5 hxg5 13. Nxg5 Qe7 14. Kb1 O-O-O 15. a4
Nc4 16. Bxc4 bxc4 17. d5 c6 18. dxc6 Bxc6 19. Qd4 d5 20. Qb6 Bb7 21. Bc5 Qd7 22.
e5 Nh5 23. Bd6 Bf8 24. Qc5+ Bc6 25. Nxf7 Bxd6 26. exd6 Qxf7 27. Qxc6+ Kb8 28.
Qxa6 Rd7 29. Nb5 Ng3 30. Rhe1 Nf5 31. Nc7 Rxd6 32. Qa8+ Kxc7 33. Qxh8 Rb6 34. a5
Rb5 35. Qe5+ Nd6 36. Qxe6 Qxf3 37. Qe3 Qf5 38. Qe7+ Kc6 39. Re6 Qf4 40. Rxg6 c3
41. Rxd6+ Qxd6 42. Qxd6+ Kxd6 43. b3 Rxa5 44. Rd3 Rc5 45. Rh3 d4 46. h5 Rc7 47.
h6 Rh7 48. Kc1 Ke5 49. Kd1 Kf4 50. Ke2 Ke4 51. Rh4+ Kd5 52. Kd3 Ke5 53. Rh5+ Kf4
54. Kxd4 Kg4 55. Rh1 1-0

[Event "Online Olym Top DivD 2021"]
[Site "chess.com INT"]
[Date "2021.09.08"]
[Round "3.1"]
[Board "6"]
[White "Hernandez Bermudez, Manuela"]
[Black "Caballero Quijano, Mitzy Mishell"]
[Result "0-1"]
[BlackTitle "WIM"]
[WhiteElo "1921"]
[BlackElo "1996"]
[WhiteTeam "Colombia"]
[BlackTeam "Peru"]
[WhiteFideId "4483103"]
[BlackFideId "3807223"]
[EventDate "2021.09.08"]
[EventType "team"]

1. e4 e6 2. d4 d5 3. Nc3 Nf6 4. Bg5 Bb4 5. e5 h6 6. Be3 Ne4 7. a3 Bxc3+ 8. bxc3
c5 9. Qg4 Kf8 10. dxc5 Qa5 11. Ne2 Nc6 12. f4 Nxc5 13. g3 Ne4 14. Bg2 Ne7 15.
O-O Nf5 16. Bd4 Bd7 17. Kh1 Rc8 18. Qf3 Nd2 19. Qf2 Nxf1 20. Bxf1 Nxd4 21. Qxd4
Rc4 22. Qe3 Bc6 23. Bg2 g6 24. Qd2 Kg7 25. Rf1 Qxa3 26. g4 Qe7 27. Qd3 Qh4 28.
Bf3 Rc8 29. f5 exf5 30. gxf5 Re8 31. fxg6 fxg6 32. Rg1 g5 33. Nd4 Rxe5 34. Nf5+
Rxf5 35. Qxf5 Rf4 36. Qe5+ Kg6 37. Bxd5 Bxd5+ 38. Qxd5 Rf2 39. Qg8+ Kf5 40. Qf7+
Ke5 41. Re1+ Kd6 42. Qe7+ Kc6 43. Re6+ Kb5 44. Qb4+ Qxb4 45. cxb4 Kxb4 46. Rxh6
b5 47. Ra6 Rxc2 48. Rxa7 Kb3 49. Rg7 Rc5 50. Kg2 b4 51. Kf3 Kc2 52. Ke3 b3 53.
Rf7 b2 54. Rf2+ Kb3 55. Rf1 Rc1 0-1